| 000 | 00580nam a2200205 i 4500 | ||
|---|---|---|---|
| 001 | 38694 | ||
| 003 | ES-MaACL | ||
| 007 | t| | ||
| 008 | 030226s1953 sp ||||1| spa d | ||
| 100 | 1 |
_aBusch, Niven. _932807 |
|
| 245 | 1 | 0 |
_aDuelo al sol / _cNiven Busch ; [traducción de Mario Pajares Muñoz]. |
| 250 | _a[1ª ed.]. | ||
| 260 |
_aMadrid : _bTesoro, _c[1953] ( _fEscelicer) |
||
| 300 |
_a300 p. ; _c21 cm. |
||
| 490 | 1 | _aSiglo XX | |
| 700 | 1 |
_aPajares Muñoz, Mario. _988347 |
|
| 830 | 0 |
_aSiglo XX _9181819 |
|
| 852 |
_aES-MaACL _jC-6460 _bR.35740 |
||
| 999 |
_c38694 _d38694 |
||